Les 15 meilleurs joueurs de foot des années 1980's - Statistiques

Statistiques générales
  • Ce quiz a été pris 89 fois
  • Le résultat moyen est 8 sur 15
Statistiques - réponses
classement joueur poste nationalité % Correct
2 Platini M français
98%
1 Maradona A argentin
93%
4 Van Basten A néerlandais
80%
6 Gullit M néerlandais
76%
3 Zico M brésilien
59%
5 Baresi D italien
54%
11 Sanchez A mexicain
50%
10 Rijkaard M néerlandais
45%
13 Milla A camerounais
43%
15 Tigana M français
41%
7 Socrates A brésilien
40%
9 Lineker A anglais
35%
8 Rummenigge A allemand
30%
12 Passarella D argentin
20%
14 Breitner M allemand
6%
Aucun quiz correspondant
Distribution des résultats
% des personnes avec chaque résultat
Percentile par nombre de réponses
Votre historique - résultats
Vous n’avez pas pris ce quiz